00529nam a22001577a 450000500170000001000150001702000300003203500140006203700130007608200120008910000200010124500570012126000500017827000810022830000620030920210215165857.0 aENG-128979 c450.00a978-81-948200-3-1 aEN-112511 bDBAD/PUB a305.231 aKapur, Malavika aParents Beware of the Digital Demon/cMalavika Kapur aNew DelhibVitasta Publishing Pvt. Ltd.c2020 bNew Delhia2/15, Ansari Roaad, Daryaganje110002minfo@vitastapublishing.com axiv+204p.c22cm(pbk)bIncluding Bibliographic References.